00652nam a2200157Ia 4500003000900000008004100009040001600050080001800066110003600084245023300120260005300353300001500406650002700421650002700448650001900475IN-BaIIA211028s9999 xx 000 0 eng d cIIA Library a081:5bINSA-I aIndian National Science Academy 0aProfiles in scientific research contributions of the fellowsbvol. 1, (mathematical sciences, physics, chemical sciences, engineering & technology and earth sciences)cIndian National Science Academy  aNew DelhibIndian National Science Academyc1986 axii, 841p. aBiography-INSA fellows aINSA fellows biography aNASA Thesaurus